00728 2200241 4500001002100000005001700021020002200038035002400060040001200084082001700096084002100113090002100134100003200155245012700187250001000314260002900324300003300353500003100386650001300417700002400430850001200454990002000466YOGYA00000000010125420140920123525.0 a978-979-29-4023-7 0010-031400000000088 aYOPDYOG 2[22]a155.25 aDEP 155.25 Leo R aDEP 155.25 Leo R aLEONARDUS ALVIN FERDIANSYAH aRainbow after the rainb: kumpulan kisah anak yang menginspirasicLeonardus Alvin Ferdiansyah ; editor, Th. Arie Prabawati aCet.1 aYogyakartabNyonyac2013 avii, 124 hlm.bilus.c19 cm. aBibliografi : hlm. 117-124 aMotivasi aArie Prabawati, Th. aYOPDYOG aCB-D.112013-706